00793cam a22002177a 4500003000500000005001700005008004100022010001000063011001000073035001000083040000900093100003700102245016900139260003900308300002200347502007900369650003600448650003200484650003400516650002500550CHAP20220329140559.0971013s1974 r 00010 d a54241 a55213 a59365 cCHAP00aSánchez Serna, Héctor Mario. 0aDiferentes niveles de fertilización con nitrógeno y fósforo en el cultivo del sorgo para grano (Soighum vulgare P.) en el ciclo tempranero de Vallecillo, N.L. aMonterrey, N.L. :bEl autor,c1974 a28 h.b: apénd. aTesis (Ing. Agr.) -- Univ. Autónoma de NUevo León. Fac. de Agronomía14aFertilizantesxEfecto en sorgo.14aFósforoxEfecto en sorgo.14aNitrógenoxEfecto en sorgo.14aSorgoxNuevo León.